[Event "Montigny le Bretonneux op 25th"]
[Site "Montigny le Bretonneux"]
[Date "2023.05.20"]
[Round "4"]
[White "Nguyen, Alexandre"]
[Black "Tanchoux, Pierre"]
[Result "1-0"]
[WhiteElo "1199"]
[BlackElo "1236"]
[PlyCount "49"]
[EventDate "2023.05.18"]
[EventType "swiss"]
[EventRounds "9"]
[EventCountry "FRA"]
[SourceTitle "CBM 214 Extra"]
[Source "ChessBase"]
[SourceDate "2023.07.31"]
[SourceVersion "1"]
[SourceVersionDate "2023.07.31"]
[SourceQuality "1"]

1. d4 Nf6 2. Bg5 d5 3. e3 Bg4 4. Nf3 c6 5. Be2 Nbd7 6. 0-0 h6 7. Bh4 Ne4 8. h3 Bf5 9. Nfd2 Nxd2 10. Nxd2 f6 11. Bg4 e6 12. Bxf5 exf5 13. Qh5+ Ke7 14. Qxf5 Qe8 15. e4 Kd8 16. exd5 cxd5 17. Qxd5 Qe2 18. Rad1 Qa6 19. Rfe1 Be7 20. Re6 Qa4 21. Rde1 Re8 22. Bg3 Rc8 23. Bd6 Qxc2 24. Bxe7+ Kc7 25. Qd6# 1-0

[Event "Montigny le Bretonneux op 19th"]
[Site "Montigny le Bretonneux"]
[Date "2021.10.29"]
[Round "7"]
[White "Aidan, David"]
[Black "Tanchoux, Pierre"]
[Result "1-0"]
[WhiteElo "1399"]
[BlackElo "1295"]
[PlyCount "65"]
[EventDate "2021.10.23"]
[EventType "swiss"]
[EventRounds "7"]
[EventCountry "FRA"]
[SourceTitle "CBM 204 Extra"]
[Source "ChessBase"]
[SourceDate "2021.11.30"]
[SourceVersion "1"]
[SourceVersionDate "2021.11.30"]
[SourceQuality "1"]

1. e4 c5 2. Nf3 d6 3. c3 Nf6 4. Bd3 a6 5. Bc2 e5 6. d4 cxd4 7. cxd4 exd4 8. Nxd4 Be7 9. Nc3 0-0 10. 0-0 Be6 11. Nxe6 fxe6 12. Bb3 Qd7 13. Be3 Nc6 14. a3 b5 15. Qc2 Kh8 16. Rad1 e5 17. Nd5 Nxd5 18. Bxd5 Rac8 19. Qe2 Na5 20. Bd2 Nc4 21. Bc3 Qc7 22. Rc1 Qd7 23. Qd3 Nb6 24. Ba2 Rfd8 25. Ba5 Qb7 26. Bd5 Qa7 27. Qe3 Rb8 28. Rc6 Nc8 29. Bxd8 Qxe3 30. fxe3 h6 31. Rc7 Bxd8 32. Rf8+ Kh7 33. Rxd8 1-0

[Event "Montigny Autumn-C 17th"]
[Site "Montigny le Bretonneux"]
[Date "2018.10.25"]
[Round "6"]
[White "Tanchoux, Pierre"]
[Black "Rafalimanana, Hary"]
[Result "1-0"]
[WhiteElo "1292"]
[BlackElo "1399"]
[PlyCount "60"]
[EventDate "2018.10.20"]
[EventType "tourn"]
[EventRounds "8"]
[EventCountry "FRA"]
[SourceTitle "EXT 2020"]
[Source "ChessBase"]
[SourceDate "2019.10.17"]
[SourceVersion "1"]
[SourceVersionDate "2019.10.17"]
[SourceQuality "1"]

1. e4 e5 2. Nf3 d6 3. h3 f5 4. d3 Nc6 5. exf5 Bxf5 6. Nc3 Nf6 7. Bg5 Be7 8. Qe2 0-0 9. 0-0-0 a6 10. g4 Bg6 11. h4 Nd4 12. Nxd4 exd4 13. Ne4 Nxe4 14. dxe4 Bxg5+ 15. hxg5 c5 16. Bg2 Rb8 17. Qd2 b5 18. Rhf1 Qb6 19. f4 Bf7 20. f5 Bc4 21. Rh1 b4 22. g6 hxg6 23. fxg6 Qa5 24. a3 Bb5 25. e5 dxe5 26. Bd5+ Rf7 27. Bxf7+ Kf8 28. Rh8+ Ke7 29. Rxb8 Qa4 30. Qg5+ Kd6 1-0

[Event "Montigny le Bretonneux op 22nd"]
[Site "Montigny le Bretonneux"]
[Date "2018.05.10"]
[Round "3"]
[White "Tanchoux, Pierre"]
[Black "Montay, Jean Paul"]
[Result "0-1"]
[WhiteElo "1298"]
[BlackElo "1391"]
[PlyCount "36"]
[EventDate "2018.05.10"]
[EventType "swiss"]
[EventRounds "9"]
[EventCountry "FRA"]
[SourceTitle "CBM 184 Extra"]
[Source "ChessBase"]
[SourceDate "2018.06.28"]
[SourceVersion "1"]
[SourceVersionDate "2018.06.28"]
[SourceQuality "1"]

1. e4 c5 2. Nf3 e6 3. d4 cxd4 4. Nxd4 Nc6 5. Nc3 a6 6. Be2 Nf6 7. 0-0 Qc7 8. Kh1 Be7 9. Bf3 0-0 10. Nxc6 bxc6 11. Re1 d6 12. Bf4 e5 13. Bd2 Qb6 14. Na4 Qxf2 15. Be3 Qh4 16. g3 Qh3 17. g4 Nxg4 18. Bg2 Qxh2# 0-1